Normal view
MARC view
Entry Topical Term
001 - CONTROL NUMBER
- control field: 10914
003 - CONTROL NUMBER IDENTIFIER
- control field: ARRUPE
005 - DATE AND TIME OF LATEST TRANSACTION
- control field: 20140612131413.0
008 - FIXED-LENGTH DATA ELEMENTS
- fixed length control field: 140612|| aca||aabn | a|a d
040 ## - CATALOGING SOURCE
- Original cataloging agency: ARRUPE
- Transcribing agency: ARRUPE
150 ## - HEADING--TOPICAL TERM
- Topical term or geographic name as entry element: Grasses
- Geographic subdivision: South Africa
- Geographic subdivision: KwaZulu-Natal
- Form subdivision: Identification.
670 ## - SOURCE DATA FOUND
- Source citation: Work cat.: (ARRUPE)0: Tainton, Neil Melbourne. 10913, Common veld and pasture grasses of Natal /, 1976.